الإيمان بالغيب / (رقم التسجيلة. 120109)

تفاصيل مارك
000 -الفاتح
عناصر البيانات ثابتة الطول 00688cam a2200205 i 4500
005 - تاريخ ووقت آخر معاملة
حقل ضبط 20251203124443.0
008 - عناصر البيانات ثابتة الطول
عناصر البيانات ثابتة الطول 250721s2010 jo gr 000 0 ara d
082 14 - رقم تصنيف ديوي العشري
رقم التصنيف 2. 214
رقم المادة ع م و
100 1# - مدخل رئيسي – اسم شخصي
الاسم الشخصي العموش، بسام علي
علاقة الشخص بالعمل/ دوره مؤلف.
245 12 - بيان العنوان
العنوان الإيمان بالغيب /
بيان المسؤولية أ.د بسام علي سلامه العموش.
264 31 - بيانات النشر، التوزيع…إلخ
مكان النشر، التوزيع...إلخ عمان :
اسم الناشر، الموزع...إلخ دار المأمون للنشر،
تاريخ النشر، التوزيع...إلخ 2010.
300 ## - الوصف المادي
عدد الوحدات المكونة للوعاء 382 صفحه.
650 17 - مدخل إضافي بالموضوع - مصطلح موضوعي
مصطلح موضوعي أو اسم جغرافي كعنصر مدخل التوحيد.
650 17 - مدخل إضافي بالموضوع - مصطلح موضوعي
مصطلح موضوعي أو اسم جغرافي كعنصر مدخل اصول الدين الاسلامي.
650 17 - مدخل إضافي بالموضوع - مصطلح موضوعي
مصطلح موضوعي أو اسم جغرافي كعنصر مدخل الايمان.
650 17 - مدخل إضافي بالموضوع - مصطلح موضوعي
مصطلح موضوعي أو اسم جغرافي كعنصر مدخل الاسلام.
653 ## - رأس موضوع – غير مقيد
المصطلح / رأس الموضوع غير المقيد الايمان بالغيب
942 ## - بيانات إضافية (كوها)
نوع التنصيف Dewey Decimal Classification
نوع المادة (كوها) كتب
المقتنيات
حالة السحب حالة الفقدان مصدر التصنيف حالة التلف غير قابل للإعارة المكتبة الرئيسية المكتبة الحالية موقع الرف تاريخ التزويد الرقم المتسلسل Total Checkouts رقم الإستدعاء الباركود تاريخ آخر ظهور تاريخ الفاتورة نوع المادة (كوها)
    Dewey Decimal Classification     المكتبة المركزية المكتبة المركزية الإعارة 28/07/2025 1377408   214.2 / ع م و PLD00146531 28/07/2025 28/07/2025 كتب
    Dewey Decimal Classification     المكتبة المركزية المكتبة المركزية مقتنيات قسم التزويد 28/07/2025 1493862   214.2/عمو   28/07/2025 28/07/2025 كتب
    Dewey Decimal Classification     مكتبة أبو علندا العامة مكتبة أبو علندا العامة الإعارة 09/05/2010 1377413   214.2/عمو PLD00146731 28/07/2025 09/05/2010 كتب
    Dewey Decimal Classification     مكتبة وادي السير العامة مكتبة وادي السير العامة الإعارة 09/05/2010 1377414   214.2/عمو PLD00146732 28/07/2025 09/05/2010 كتب
    Dewey Decimal Classification     مكتبة ومركز فرح مكتبة ومركز فرح الإعارة 09/05/2010 1377417   214.2/عمو PLD00146735 28/07/2025 09/05/2010 كتب
Implemented & Customized by: BBB with SCIT (Smart Chains for Information Technology)

Powered by Koha